Uudenmaan maakunnan kuntien vaakunat - Statistics

Yleistilastot
  • Tätä visaa on pelattu 133 kertaa
  • Keskiarvotulos 28 / 45
Vastaustilastot
Kuvavisa Vastaus % Oikein
Espoo
96%
Vantaa (Helsingin mlk)
96%
Helsinki
95%
Nurmijärvi
87%
Hanko
86%
Kerava
86%
Hyvinkää
85%
Sipoo
85%
Järvenpää
84%
Porvoo
84%
Tuusula
84%
Nummi-Pusula / Nummi
82%
Kauniainen
81%
Kirkkonummi
81%
Raasepori
79%
Lohja (–1996)
78%
Lohja (1997–) / Lohjan kunta (Lohjan mlk)
78%
Mäntsälä
77%
Vihti
77%
Askola
75%
Pukkila
75%
Inkoo
73%
Karkkila
72%
Loviisa
72%
Myrskylä
72%
Siuntio
71%
Pornainen
68%
Tammisaari
62%
Lapinjärvi
58%
Karjaa
51%
Karjalohja
41%
Porvoon mlk
37%
Tammisaaren mlk
37%
Hyvinkään mlk
36%
Pusula
34%
Karjaan mlk
33%
Ruotsinpyhtää
31%
Sammatti
31%
Tenhola
30%
Bromarv
29%
Pohja
29%
Snappertuna
29%
Liljendal
28%
Pernaja
26%
Pyhäjärvi Ul
25%
Ehtoja vastaavia visoja ei löytynyt
Tulosjakauma
Jokaisen tuloksen saaneiden osuus
Persentiili vastausten määrän mukaan
Tuloshistoriasi
Et ole pelannut tätä visaa